[Event "6. Bayer Open"]
[Site "Leverkusen"]
[Date "2009.01.12"]
[Round "1"]
[White "Reiter, Ute"]
[Black "Witte, Thomas"]
[Result "1/2-1/2"]
[WhiteElo "1145"]
[BlackElo "1704"]
[PlyCount "104"]
[EventDate "2009.??.??"]
[SourceDate "2009.01.13"]

1. e4 Nf6 2. Nc3 d5 3. exd5 Nxd5 4. Bc4 e6 5. Nf3 Nxc3 6. bxc3 Be7 7. O-O O-O
8. d4 Nd7 9. a4 a5 10. Bf4 Nb6 11. Bd3 Nd5 12. Bd2 Nf6 13. Ne5 h6 14. Re1 c5
15. Be3 Nd5 16. Qd2 Nxe3 17. Qxe3 Bf6 18. Qe4 g6 19. Re3 Bxe5 20. dxe5 Qg5 21.
Rg3 Qe7 22. f4 Rd8 23. Rh3 Kg7 24. c4 f5 25. Qf3 Rg8 26. Rg3 Kf8 27. h4 h5 28.
Rh3 Qd7 29. Qf2 Qd4 30. Rf1 Qxf2+ 31. Kxf2 Bd7 32. Ra1 Bc6 33. g3 Rg7 34. Ke3
Rd7 35. Rh2 Ke8 36. Rd2 Kd8 37. Ra3 Kc7 38. Ke2 Rad8 39. Ke3 Kc8 40. Ke2 Kc7
41. Ke3 Ra8 42. Ra2 Ra6 43. c3 Ra8 44. Be2 Rxd2 45. Kxd2 Rd8+ 46. Ke3 Rd7 47.
Ra1 Rd8 48. Bd1 Be4 49. Be2 Bc6 50. Ra2 Rd7 51. Ra1 Rd8 52. Bd1 Be4 1/2-1/2

[Event "6. Bayer Open"]
[Site "Leverkusen"]
[Date "2009.01.12"]
[Round "1"]
[White "Karwatzki, Hans-Jürgen"]
[Black "Teuber, Alfons"]
[Result "1-0"]
[WhiteElo "1674"]
[BlackElo "1108"]
[PlyCount "77"]
[EventDate "2009.??.??"]
[SourceDate "2009.01.13"]

1. e4 e5 2. f4 exf4 3. Nf3 d6 4. Bc4 Nc6 5. d4 Qf6 6. Nc3 Nge7 7. O-O Bg4 8.
Nd5 Nxd5 9. exd5 Nxd4 10. Qxd4 Bxf3 11. Qxf6 gxf6 12. Rxf3 Bh6 13. Bxf4 Bxf4
14. Rxf4 O-O-O 15. Rxf6 Rdf8 16. Raf1 h5 17. Rxf7 Rxf7 18. Rxf7 a6 19. Bd3 b5
20. Rh7 Rxh7 21. Bxh7 Kb7 22. Kf2 b4 23. h3 h4 24. g4 hxg3+ 25. Kxg3 Kb6 26.
Kf3 c6 27. dxc6 Kxc6 28. h4 Kd5 29. h5 Ke5 30. Bd3 a5 31. h6 Kf6 32. h7 Kg7 33.
Ke3 d5 34. Kd4 a4 35. Kc5 b3 36. axb3 axb3 37. cxb3 d4 38. b4 Kh8 39. b5 1-0

[Event "6. Bayer Open"]
[Site "Leverkusen"]
[Date "2009.01.12"]
[Round "1"]
[White "Hummelsheim, Hans"]
[Black "Granz, Thomas"]
[Result "0-1"]
[WhiteElo "1013"]
[BlackElo "1651"]
[PlyCount "78"]
[EventDate "2009.??.??"]
[SourceDate "2009.01.13"]

1. d4 d5 2. c4 e6 3. a3 c5 4. e3 Nc6 5. Nc3 dxc4 6. Bxc4 cxd4 7. exd4 Qxd4 8.
Bb5 Qxd1+ 9. Nxd1 Bd7 10. Nf3 Be7 11. O-O Nf6 12. b4 O-O 13. Bg5 Rac8 14. Bxf6
Bxf6 15. Rc1 a6 16. Bxc6 Bxc6 17. Ne3 Bb5 18. Rxc8 Rxc8 19. Rd1 h6 20. h3 Bb2
21. Nd4 Bxd4 22. Rxd4 Rc3 23. Rd8+ Kh7 24. Rb8 Bc6 25. Ng4 f6 26. Rc8 Rxa3 27.
Rc7 Kg6 28. Ne3 Rb3 29. Nc4 Rxb4 30. Nd6 a5 31. Rc8 a4 32. Ra8 Rb1+ 33. Kh2 b5
34. Rc8 Bd5 35. Rc7 a3 36. Ne8 a2 37. g4 Kg5 38. Rxg7+ Kf4 39. Nxf6 Rh1# 0-1

[Event "6. Bayer Open"]
[Site "Leverkusen"]
[Date "2009.01.12"]
[Round "1"]
[White "Jakobi, Reik"]
[Black "Blomeyer, Peter"]
[Result "0-1"]
[WhiteElo "1634"]
[BlackElo "1882"]
[PlyCount "114"]
[EventDate "2009.??.??"]
[SourceDate "2009.01.13"]

1. e4 d6 2. d4 Nf6 3. Nc3 e5 4. Nf3 exd4 5. Nxd4 Be7 6. Be2 O-O 7. O-O a6 8. a4
h6 9. f4 c5 10. Nf3 Nc6 11. Be3 Qb6 12. Qd2 Qb4 13. Bd3 Bg4 14. Ra3 Bxf3 15.
Rb3 Qa5 16. gxf3 Qc7 17. Nd5 Nxd5 18. exd5 Na7 19. c4 Bf6 20. Bc2 Rfe8 21. Qd3
g6 22. f5 Rxe3 23. Qd2 Rxb3 24. Bxb3 g5 25. h4 Bd4+ 26. Kh1 f6 27. Re1 Be5 28.
Bc2 b5 29. Rxe5 dxe5 30. d6 Qf7 31. Be4 Kg7 32. Bxa8 Qd7 33. hxg5 hxg5 34. axb5
axb5 35. Qd5 Nc8 36. Qe6 Qxe6 37. fxe6 Nxd6 38. cxb5 Nxb5 39. Bc6 Nc7 40. e7
Kf7 41. e8=Q+ Nxe8 42. Bd7 Nd6 43. Kg2 f5 44. Kf2 Kf6 45. Bc6 e4 46. fxe4 Nxe4+
47. Ke3 Ke5 48. Ba8 g4 49. Bc6 f4+ 50. Kd3 Nd6 51. Bd7 g3 52. Bc6 Nf5 53. Kc4
Nd4 54. Kxc5 Nxc6 55. Kxc6 g2 56. b4 g1=Q 57. b5 Qa7 0-1

[Event "6. Bayer Open"]
[Site "Leverkusen"]
[Date "2009.01.12"]
[Round "1"]
[White "Müller, Tim"]
[Black "Bosbach, Jens"]
[Result "1/2-1/2"]
[WhiteElo "1609"]
[BlackElo "1844"]
[PlyCount "74"]
[EventDate "2009.??.??"]
[SourceDate "2009.01.13"]

1. d4 Nf6 2. c4 e6 3. Nf3 b6 4. Nc3 Bb7 5. Bg5 Be7 6. e3 Ne4 7. Bxe7 Qxe7 8.
Bd3 Nxc3 9. bxc3 d6 10. O-O Nd7 11. e4 e5 12. Re1 O-O 13. Bc2 h6 14. h3 Rfd8
15. Rb1 Nf8 16. Qc1 Ng6 17. Qe3 Ba6 18. Rb4 Nf4 19. Kh2 c5 20. Ra4 Bc8 21. Ng1
Bd7 22. Ra3 g5 23. g3 Ng6 24. Ba4 Bxa4 25. Rxa4 Qd7 26. Ra3 Rf8 27. Nf3 f5 28.
Nd2 f4 29. Qe2 Qg7 30. d5 fxg3+ 31. fxg3 Rf6 32. Kg2 Raf8 33. Rf1 Qd7 34. Rxf6
Rxf6 35. Qg4 Qxg4 36. hxg4 Rf7 37. Rb3 Ne7 1/2-1/2

[Event "6. Bayer Open"]
[Site "Leverkusen"]
[Date "2009.01.26"]
[Round "2"]
[White "Rotstein, Jefim"]
[Black "Angermünde, Dirk"]
[Result "0-1"]
[WhiteElo "2279"]
[BlackElo "1966"]
[PlyCount "112"]
[EventDate "2009.??.??"]
[SourceDate "2009.01.13"]

1. Nf3 Nf6 2. e3 d5 3. b3 Bf5 4. Bb2 e6 5. Be2 h6 6. O-O Nbd7 7. c4 c6 8. d3
Be7 9. Nbd2 O-O 10. Re1 a5 11. Bf1 Bh7 12. Ne5 Nxe5 13. Bxe5 Nd7 14. Bc3 Bf6
15. Qc2 Qb6 16. Bxf6 Nxf6 17. Nf3 Rfd8 18. c5 Qc7 19. Qc3 Nd7 20. d4 Re8 21.
Ne5 f6 22. Nxd7 Qxd7 23. a3 e5 24. b4 exd4 25. exd4 Rxe1 26. Rxe1 axb4 27. axb4
Re8 28. b5 Rxe1 29. Qxe1 Bf5 30. b6 Kf7 31. Qe3 Qe7 32. Qf4 Bc8 33. h4 g5 34.
Qb8 Qe6 35. hxg5 hxg5 36. Kh2 Qf5 37. Qc7+ Qd7 {Schwarz bietet Remis an.} 38.
Kg3 Ke8 39. Qxd7+ Bxd7 40. f4 Kf7 41. Bd3 Kg7 42. fxg5 fxg5 43. Be2 Kf6 44. Bg4
Bxg4 45. Kxg4 Kg6 46. g3 Kf6 47. Kh5 $2 (47. Kf3 $11) 47... Kf5 48. Kh6 Ke4 49.
Kxg5 Kxd4 50. Kf5 Kc3 51. g4 d4 52. g5 d3 53. g6 d2 54. g7 d1=Q 55. g8=Q Qd3+
56. Kf4 $2 Qc4+ 0-1

[Event "6. Bayer Open"]
[Site "Leverkusen"]
[Date "2009.01.26"]
[Round "2"]
[White "Friedsam, Manfred"]
[Black "Auer, Martin"]
[Result "0-1"]
[WhiteElo "1850"]
[BlackElo "2242"]
[PlyCount "92"]
[EventDate "2009.??.??"]
[SourceDate "2009.01.13"]

1. e4 g6 2. d4 Bg7 3. Be3 c5 4. Nf3 Nf6 5. Nbd2 cxd4 6. Nxd4 O-O 7. c4 d6 8.
Be2 Nbd7 9. O-O Re8 10. f4 a6 11. f5 b6 12. Bf3 Ne5 13. g4 Bb7 14. g5 Nfd7 15.
Bg2 Rc8 16. Qe2 Nc6 17. N2b3 Nde5 18. Rac1 Nb4 19. a3 Nbd3 20. Rc3 Nc5 21. Nd2
Nc6 22. Qf2 Ne5 23. Qe2 Rc7 24. b4 Ncd7 25. h4 b5 26. Rfc1 bxc4 27. Nxc4 Nxc4
28. Rxc4 Rxc4 29. Qxc4 Ne5 30. Qc7 Qa8 31. Qc2 Ng4 32. Qd3 Nxe3 33. Qxe3 Rc8
34. Rxc8+ Qxc8 35. Ne2 Qc2 36. fxg6 hxg6 37. Kf2 Be5 38. Bf3 Bc6 39. Qc1 Bxe4
40. Bxe4 Qxe4 41. Qc8+ Kg7 42. Qh3 d5 43. h5 gxh5 44. Qxh5 d4 45. Qh6+ Kg8 46.
Qxa6 d3 0-1

[Event "6. Bayer Open"]
[Site "Leverkusen"]
[Date "2009.01.26"]
[Round "2"]
[White "Balduan, Markus"]
[Black "Birnkott, Manfred"]
[Result "1-0"]
[WhiteElo "2290"]
[BlackElo "1906"]
[PlyCount "141"]
[EventDate "2009.??.??"]
[SourceDate "2009.01.13"]

1. c4 c6 2. Nf3 Nf6 3. Nc3 e6 4. d4 d5 5. Bg5 Nbd7 6. cxd5 exd5 7. e3 Be7 8.
Qc2 O-O 9. Bd3 Re8 10. O-O g6 11. Rab1 Ne4 12. Bxe7 Qxe7 13. Bxe4 dxe4 14. Nd2
Nf6 15. Na4 Be6 16. a3 Bd5 17. Qc5 b6 18. Qxe7 Rxe7 19. Rfc1 Ne8 20. Nc3 f5 21.
b4 Rc7 22. Rb2 Rac8 23. Rbc2 Bf7 24. Ne2 Nd6 25. f3 exf3 26. gxf3 Nb7 27. Nf4
c5 28. bxc5 bxc5 29. Nd3 c4 30. Ne5 Nd6 31. Nxf7 Kxf7 32. a4 Ke6 33. Kf2 Kd5
34. Nb1 Kc6 35. Nc3 Re7 36. Nb5 Rce8 37. Re1 Rc8 38. h4 a6 39. Nc3 Rb8 40. Kg3
f4+ 41. Kxf4 Rf8+ 42. Kg3 Nf5+ 43. Kf2 Nxh4 44. f4 g5 45. Ne2 Kd5 46. Rec1 Rc7
47. Nc3+ Ke6 48. Ne4 gxf4 49. Nc5+ Ke7 50. e4 Rg8 51. Rxc4 Rg2+ 52. Kf1 Rc6 53.
Nd3 Rxc4 54. Rxc4 f3 55. Rc7+ Kf6 56. Rxh7 Ng6 57. Rh3 Ra2 58. Rxf3+ Ke7 59.
Nc5 Nf8 60. Rf2 Ra3 61. Rb2 a5 62. Rb6 Rf3+ 63. Ke2 Rh3 64. Kd2 Kf7 65. Rb7+
Kg6 66. d5 Nh7 67. d6 Ng5 68. d7 Rh8 69. Rc7 Nf7 70. Rc8 Rd8 71. e5 1-0

[Event "6. Bayer Open"]
[Site "Leverkusen"]
[Date "2009.01.26"]
[Round "2"]
[White "Kniest, Oliver"]
[Black "Gerdau, Andreas"]
[Result "1-0"]
[WhiteElo "2213"]
[BlackElo "1883"]
[PlyCount "43"]
[EventDate "2009.??.??"]
[SourceDate "2009.01.13"]

1. d4 d5 2. Nf3 Nf6 3. e3 e6 4. Bd3 c5 5. b3 Be7 6. Bb2 Nc6 7. O-O O-O 8. Nbd2
Nb4 9. Be2 b6 10. a3 Nc6 11. Bd3 Bb7 12. Ne5 Rc8 13. f4 Na5 14. dxc5 bxc5 15.
c4 dxc4 16. bxc4 Nc6 17. Qe2 Rb8 18. Ndf3 Ba8 19. Rad1 Qb6 20. Ba1 Rfd8 21. Ng5
Rf8 22. Nd7 1-0

[Event "6. Bayer Open"]
[Site "Leverkusen"]
[Date "2009.01.26"]
[Round "2"]
[White "Mummel, Christian"]
[Black "Reinemer, Frank"]
[Result "0-1"]
[WhiteElo "1793"]
[BlackElo "2151"]
[PlyCount "34"]
[EventDate "2009.??.??"]
[SourceDate "2009.01.13"]

1. Nf3 f5 2. c4 Nf6 3. Nc3 g6 4. g3 Bg7 5. Bg2 d6 6. d4 O-O 7. O-O Qe8 8. e4
fxe4 9. Ng5 Nc6 10. Nb5 Bg4 11. f3 exf3 12. Bxf3 Qd7 13. Bxg4 Nxg4 14. Rxf8+
Rxf8 15. d5 Qf5 16. Bf4 e5 17. dxe6 Qc5+ 0-1

[Event "6. Bayer Open"]
[Site "Leverkusen"]
[Date "2009.01.26"]
[Round "2"]
[White "Wolfradt, Dirk"]
[Black "Karwatzki, Hans-Jürgen"]
[Result "1-0"]
[WhiteElo "2078"]
[BlackElo "1674"]
[PlyCount "57"]
[EventDate "2009.??.??"]
[SourceDate "2009.01.13"]

1. d4 Nf6 2. Nf3 d5 3. c4 e6 4. Bg5 c5 5. e3 Nc6 6. Nc3 cxd4 7. Nxd4 Be7 8. Bd3
h6 9. Bh4 a6 10. a3 O-O 11. O-O g5 12. Bg3 Bc5 13. Nxc6 bxc6 14. Qe2 h5 15. Be5
g4 16. b4 Bd6 17. Bxd6 Qxd6 18. Rad1 Bb7 19. c5 Qe5 20. Qd2 Ne4 21. Bxe4 dxe4
22. Qc2 f5 23. Rd7 Rf7 24. Rfd1 Bc8 25. Rd8+ Kg7 26. g3 Qc7 27. Ne2 e5 28. Qc3
Rd7 29. R1xd7+ 1-0

[Event "6. Bayer Open"]
[Site "Leverkusen"]
[Date "2009.01.26"]
[Round "2"]
[White "Bigott, Martin"]
[Black "Krauth, Alexander"]
[Result "1/2-1/2"]
[WhiteElo "1683"]
[BlackElo "2132"]
[PlyCount "63"]
[EventDate "2009.??.??"]
[SourceDate "2009.01.13"]

1. d4 d5 2. Nf3 Nf6 3. Bf4 c5 4. c3 e6 5. e3 Nc6 6. Bb5 Bd7 7. a4 c4 8. Nbd2
Be7 9. O-O Nh5 10. Bxc6 bxc6 11. Be5 f6 12. Bg3 Nxg3 13. hxg3 Rb8 14. Qc2 O-O
15. Rfb1 Qc7 16. b3 cxb3 17. Nxb3 e5 18. c4 Be6 19. cxd5 Bxd5 20. e4 Bf7 21.
dxe5 {Weiß bietet Remis an.} fxe5 22. Nbd2 a5 23. Nc4 Bf6 24. Qc3 Bxc4 25.
Qxc4+ Kh8 26. Qc5 Rfc8 27. Rxb8 Rxb8 28. Rc1 Rc8 29. Rc2 h6 30. Rc1 Kh7 31. Kh2
Kh8 32. Kg1 1/2-1/2

[Event "6. Bayer Open"]
[Site "Leverkusen"]
[Date "2009.01.26"]
[Round "2"]
[White "Granz, Thomas"]
[Black "Peschel, Andreas"]
[Result "0-1"]
[WhiteElo "1651"]
[BlackElo "2084"]
[PlyCount "48"]
[EventDate "2009.??.??"]
[SourceDate "2009.01.13"]

1. e4 c5 2. Nf3 e6 3. Bc4 Qc7 4. d3 Nc6 5. Nc3 a6 6. a4 Be7 7. O-O Nf6 8. Bg5
O-O 9. Re1 d6 10. d4 cxd4 11. Nxd4 Ne5 12. Be2 Rd8 13. f4 Qb6 14. Kh1 Qxb2 15.
Qd2 Qb6 16. a5 Qc7 17. Qe3 Ned7 18. Bf3 Nf8 19. e5 dxe5 20. fxe5 Nd5 21. Nxd5
exd5 22. Bxe7 Qxe7 23. Qb3 Qc5 24. Rad1 Qxa5 0-1

[Event "6. Bayer Open"]
[Site "Leverkusen"]
[Date "2009.01.26"]
[Round "2"]
[White "Sockel, Karl-Heinz"]
[Black "Kies, Werner"]
[Result "1/2-1/2"]
[WhiteElo "1932"]
[BlackElo "1916"]
[PlyCount "33"]
[EventDate "2009.??.??"]
[SourceDate "2009.01.13"]

1. c4 c5 2. Nc3 Nc6 3. g3 g6 4. Bg2 Bg7 5. e4 e6 6. Nge2 Nge7 7. d3 d6 8. O-O
O-O 9. Be3 Nd4 10. Qd2 Nec6 11. Bh6 Rb8 12. Bxg7 Kxg7 13. f4 a6 14. Nxd4 cxd4
15. Ne2 e5 16. f5 f6 17. g4 1/2-1/2

[Event "6. Bayer Open"]
[Site "Leverkusen"]
[Date "2009.01.26"]
[Round "2"]
[White "Böhm, Stefan"]
[Black "Brinkmann, Sven"]
[Result "0-1"]
[WhiteElo "1976"]
[BlackElo "1896"]
[PlyCount "68"]
[EventDate "2009.??.??"]
[SourceDate "2009.01.13"]

1. d4 e6 2. c4 d5 3. Nc3 Nf6 4. cxd5 exd5 5. Bg5 Be7 6. Qc2 Nc6 7. e3 O-O 8. a3
Re8 9. Bd3 h6 10. Bh4 Ng4 11. Bxe7 Rxe7 12. Nge2 Qd6 13. h3 Nf6 14. O-O a6 15.
Rac1 Bd7 16. b4 Na7 17. Na4 Bxa4 18. Qxa4 Qd7 19. Qc2 Nb5 20. Bf5 Qd8 21. Qb3
Nd6 22. Bb1 Nde4 23. Qd3 Qd7 24. f3 Ng5 25. Nf4 Qb5 26. Qd2 Rae8 27. Rfe1 Qd7
28. Qd3 Qb5 29. Qd2 Qd7 30. Kf2 Ne6 31. Bf5 Qd6 32. Bxe6 fxe6 33. Ng6 Rf7 34.
Ne5 Ne4+ 0-1

[Event "6. Bayer Open"]
[Site "Leverkusen"]
[Date "2009.01.26"]
[Round "2"]
[White "Blomeyer, Peter"]
[Black "Pützkaul, Karl"]
[Result "0-1"]
[WhiteElo "1882"]
[BlackElo "1821"]
[PlyCount "32"]
[EventDate "2009.??.??"]
[SourceDate "2009.01.13"]

1. c4 c5 2. Nc3 Nc6 3. g3 g6 4. Bg2 Bg7 5. Nf3 e5 6. d3 Nge7 7. a3 d6 8. Rb1 a5
9. O-O O-O 10. Bd2 h6 11. Ne1 Be6 12. Nc2 d5 13. cxd5 Nxd5 14. Ne3 Nde7 15. Qa4
Nd4 16. Bxb7 Bb3 0-1

[Event "6. Bayer Open"]
[Site "Leverkusen"]
[Date "2009.01.26"]
[Round "2"]
[White "Liebsch, Felix"]
[Black "Buchkremer, Felix"]
[Result "0-1"]
[WhiteElo "1233"]
[BlackElo "2040"]
[PlyCount "50"]
[EventDate "2009.??.??"]
[SourceDate "2009.01.13"]

1. e4 e6 2. d4 d5 3. e5 c5 4. c3 Nc6 5. Nf3 Nh6 6. Be2 f6 7. exf6 Qxf6 8. dxc5
Bxc5 9. Bg5 Qf7 10. O-O O-O 11. Nbd2 Ng4 12. Bh4 e5 13. h3 Nh6 14. Nb3 Bb6 15.
Qc2 Nf5 16. Bg5 e4 17. Nh2 Ng3 18. Be3 Nxf1 19. Rxf1 Bc7 20. f3 Qg6 21. Kh1 Bf5
22. Qd2 Rad8 23. Bd4 Nxd4 24. Nxd4 Qg3 25. Kg1 Qxh2+ 0-1

[Event "6. Bayer Open"]
[Site "Leverkusen"]
[Date "2009.01.26"]
[Round "2"]
[White "Scharff, Klaus"]
[Black "Jiritschka, Wolfgang"]
[Result "1-0"]
[WhiteElo "1863"]
[BlackElo "1847"]
[PlyCount "143"]
[EventDate "2009.??.??"]
[SourceDate "2009.01.13"]

1. d4 Nf6 2. c4 c5 3. d5 b5 4. cxb5 a6 5. bxa6 Bxa6 6. Nc3 d6 7. f3 g6 8. g4
Bg7 9. h4 h5 10. g5 Nfd7 11. f4 Qb6 12. Nf3 c4 13. Qc2 Nc5 14. Bh3 Nbd7 15. Bd2
Rb8 16. Rb1 O-O 17. f5 Kh7 18. Rf1 Ne5 19. Ne4 Nxf3+ 20. Rxf3 Nxe4 21. Qxe4
Qg1+ 22. Bf1 Qd4 23. Qxd4 Bxd4 24. Bc3 Bxc3+ 25. Rxc3 gxf5 26. Bh3 Kg6 27. Re3
Rfe8 {Schwarz bietet Remis an.} 28. Kd2 Rb5 29. Ra3 Rxd5+ 30. Kc3 Bb5 31. Ra7
Re5 32. Bf1 Re3+ 33. Kd2 Re5 34. a4 Bc6 35. e3 Be4 36. Ra1 Rb8 37. Kc1 Bd5 38.
Ra3 f4 39. Rc7 fxe3 40. Be2 Rb3 41. a5 Rxa3 42. bxa3 Be6 43. a6 Ra5 44. a7 Rxa3
45. Rxe7 d5 46. Kb2 Ra5 47. Kc3 Bg4 48. Bxg4 hxg4 49. Rd7 Ra3+ 50. Kb2 Ra6 $4 (
50... e2 $3 $19) 51. Rd6+ Rxd6 52. a8=Q Re6 53. Qg8+ Kf5 54. Qxf7+ Ke5 55. g6
e2 56. Qf2 Kd6 57. g7 Rg6 58. Qb6+ Kd7 59. Qxg6 e1=Q 60. Qf5+ Kc6 61. g8=Q Qb4+
(61... Qd2+ $1 $11) 62. Kc2 Qb3+ 63. Kd2 c3+ 64. Ke2 Qa2+ 65. Kf1 Qc4+ 66. Kg2
Qe2+ 67. Qf2 Qe4+ 68. Kg3 Qe5+ 69. Kxg4 Qe4+ 70. Kg3 Qe5+ 71. Kh3 d4 72. Qc4+
1-0

[Event "6. Bayer Open"]
[Site "Leverkusen"]
[Date "2009.01.19"]
[Round "2"]
[White "Baier, Uwe"]
[Black "Neumann, Thomas"]
[Result "1/2-1/2"]
[WhiteElo "1719"]
[BlackElo "1567"]
[PlyCount "71"]
[EventDate "2009.??.??"]
[SourceDate "2009.01.13"]

1. e4 c5 2. b3 Nc6 3. Nf3 d6 4. Bb2 e6 5. Be2 Nf6 6. Nc3 Nd4 7. O-O Be7 8. e5
dxe5 9. Nxe5 O-O 10. Re1 Bd6 11. Bd3 Qc7 12. f4 b6 13. Nb5 Nxb5 14. Bxb5 Bb7
15. g3 a6 16. Be2 Bxe5 17. fxe5 Qc6 18. Bf3 Qxf3 19. Qxf3 Bxf3 20. exf6 g6 21.
a4 Rfd8 22. d3 Bc6 23. Re5 Rd5 24. Kf2 Rad8 25. Rae1 Kf8 26. Rxd5 Rxd5 27. Re5
Ke8 28. Ke3 Rxe5+ 29. Bxe5 Kd7 30. Kf4 h5 31. Bb8 Bb7 32. Ke5 Bf3 33. Ba7 Kc6
34. Bxb6 Bd1 35. Bxc5 Bxc2 36. d4 1/2-1/2

[Event "6. Bayer Open"]
[Site "Leverkusen"]
[Date "2009.01.26"]
[Round "2"]
[White "Hirth, Ulrich"]
[Black "Balduan, Karl-Heinz"]
[Result "1/2-1/2"]
[WhiteElo "2089"]
[BlackElo "1464"]
[PlyCount "97"]
[EventDate "2009.??.??"]
[SourceDate "2009.01.13"]

1. d4 d5 2. c4 c6 3. e3 Bf5 4. Qb3 Qb6 5. Qxb6 axb6 6. cxd5 Bxb1 7. Rxb1 Rxa2
8. Bc4 Ra7 9. Ne2 g6 10. O-O Nf6 11. dxc6 bxc6 12. Bd2 e6 13. Ra1 Rxa1 14. Rxa1
Bd6 15. f3 O-O 16. e4 e5 17. Ra7 b5 18. Bh6 bxc4 19. Bxf8 Kxf8 20. Ra4 exd4 21.
Nxd4 Bc5 22. Rxc4 Bxd4+ 23. Rxd4 Ke7 24. Kf2 Nbd7 25. Ke3 h6 26. Ra4 Ke6 27.
Ra6 Kd6 28. h3 Ne8 29. Ra8 Ke7 30. Kd4 Nc7 31. Rh8 h5 32. g4 Ne6+ 33. Ke3 hxg4
34. fxg4 Ndf8 35. h4 f6 36. h5 gxh5 37. gxh5 Ng5 38. Kf4 Kf7 39. e5 Nge6+ 40.
Kf5 Kg7 41. Rxf8 Nxf8 42. exf6+ Kf7 43. Ke5 c5 44. Kd5 Nd7 45. Kd6 Nxf6 46.
Kxc5 Nxh5 47. Kd6 Nf6 48. b4 Ke8 49. b5 1/2-1/2

[Event "6. Bayer Open"]
[Site "Leverkusen"]
[Date "2009.01.26"]
[Round "2"]
[White "Ohst, Thomas"]
[Black "Khanukov, Boris"]
[Result "0-1"]
[WhiteElo "1684"]
[BlackElo "2361"]
[PlyCount "54"]
[EventDate "2009.??.??"]
[SourceDate "2009.01.13"]

1. e4 g6 2. d4 Bg7 3. Bc4 c5 4. c3 cxd4 5. cxd4 Nc6 6. d5 Ne5 7. Bb3 d6 8. Nc3
Nf6 9. Be3 O-O 10. f3 b6 11. Qe2 Ned7 12. Ba4 Nc5 13. Bc6 Ba6 14. Nb5 Rc8 15.
a4 e6 16. Qd1 exd5 17. exd5 Qe7 18. Kf2 Nfd7 19. Qc2 Ne5 20. Rd1 Nxc6 21. dxc6
Rxc6 22. b4 Qh4+ 23. g3 Qxb4 24. Nxa7 Nd3+ 25. Qxd3 Bxd3 26. Nxc6 Qc4 27. Rc1
Qa2+ 0-1

[Event "6. Bayer Open"]
[Site "Leverkusen"]
[Date "2009.01.26"]
[Round "2"]
[White "Schmitz, Andreas"]
[Black "Wieland, Ingo"]
[Result "1/2-1/2"]
[WhiteElo "1892"]
[BlackElo "1725"]
[PlyCount "103"]
[EventDate "2009.??.??"]
[SourceDate "2009.01.13"]

1. Nf3 d5 2. e3 Nf6 3. c4 c6 4. b3 Bg4 5. Be2 e6 6. Bb2 Nbd7 7. O-O Bd6 8. h3
Bh5 9. d4 O-O 10. Nbd2 Re8 11. Ne5 Bxe2 12. Qxe2 Bb4 13. Nxd7 Qxd7 14. Nf3 Ne4
15. c5 Qe7 16. a3 Ba5 17. b4 Bc7 18. Nd2 Nxd2 19. Qxd2 a6 20. f4 f5 21. Qe2 Rf8
22. Bc3 Rf6 23. a4 Rg6 24. Be1 Qd7 25. Rb1 Rf6 26. b5 axb5 27. axb5 Rff8 28. b6
Bd8 29. Bc3 Bf6 30. Ra1 Rfb8 31. Rfb1 Qc8 32. Qb2 Rxa1 33. Rxa1 Ra8 34. Ra3
Rxa3 35. Qxa3 h6 36. Kf2 Kf7 37. Kf3 g6 38. g4 Qd8 39. Qa7 Qc8 40. Be1 Kg7 41.
Bg3 Kf7 42. Qa1 Qd8 43. Qg1 Bh4 44. Qf2 Bxg3 45. Qxg3 Kg7 46. h4 Qe7 47. h5 g5
48. fxg5 Qxg5 49. Qc7+ Kf6 50. Qd8+ Kf7 51. Qc7+ Kf6 52. Qe5+ 1/2-1/2

[Event "6. Bayer Open"]
[Site "Leverkusen"]
[Date "2009.01.26"]
[Round "2"]
[White "Schmidt, Werner"]
[Black "Ziabari, Morteza"]
[Result "0-1"]
[WhiteElo "1435"]
[BlackElo "1840"]
[PlyCount "80"]
[EventDate "2009.??.??"]
[SourceDate "2009.01.13"]

1. d4 d5 2. f4 Nf6 3. Nf3 Nc6 4. e3 Bf5 5. Bd3 Ne4 6. O-O e6 7. c3 Bd6 8. Qc2
f6 9. Bd2 Qe7 10. Bxe4 Bxe4 11. Qd1 Bd3 12. Rf2 O-O-O 13. Ne1 Ba6 14. b3 e5 15.
a4 exd4 16. cxd4 Nb4 17. Nc3 c6 18. Rb1 h5 19. Qf3 Rdf8 20. Nd1 g5 21. g3 g4
22. Qg2 h4 23. gxh4 Rxh4 24. Nb2 Rfh8 25. Bxb4 Bxb4 26. Ned3 Bd6 27. Rc1 Bxd3
28. Qxd5 Be4 29. Qa5 g3 30. Qxa7 gxf2+ 31. Kf1 Rxh2 32. Qa8+ Bb8 33. Rxc6+ Bxc6
34. Nc4 Qb4 35. Nd6+ Qxd6 36. Qa5 Be4 37. Qc3+ Qc6 38. Qd2 Qa6+ 39. Qe2 Bd3 40.
Qxd3 Qxd3# 0-1

[Event "6. Bayer Open"]
[Site "Leverkusen"]
[Date "2009.01.26"]
[Round "2"]
[White "Witte, Thomas"]
[Black "Witte, Volker"]
[Result "1-0"]
[WhiteElo "1704"]
[BlackElo "1662"]
[PlyCount "107"]
[EventDate "2009.??.??"]
[SourceDate "2009.01.13"]

1. e4 c6 2. d4 d5 3. exd5 cxd5 4. Nf3 Nf6 5. Nbd2 e6 6. Ne5 Nc6 7. Bb5 Bd7 8.
Bxc6 Bxc6 9. O-O Qb6 10. c3 Bd6 11. f4 O-O 12. Kh1 Bb5 13. Rf3 Ne4 14. Nxe4
dxe4 15. Rh3 Bxe5 16. fxe5 Bd3 17. Qh5 e3 18. Rxe3 Bg6 19. Qd1 f6 20. h3 fxe5
21. Rxe5 Rf7 22. Qe2 Raf8 23. Be3 Qc6 24. Kg1 b5 25. Qxb5 Qxb5 26. Rxb5 Bd3 27.
Rb4 h6 28. Rd1 Be2 29. Rd2 Rf1+ 30. Kh2 Re1 31. d5 a5 32. Rb6 exd5 33. Bd4 a4
34. Re6 Ra1 35. Rdxe2 Rxa2 36. Bc5 Rb8 37. Ba3 Rb3 38. Ra6 Rxc3 39. Rxa4 Rd3
40. Rf4 Rd1 41. Re8+ Kh7 42. Re7 h5 43. h4 Raa1 44. Rff7 Rh1+ 45. Kg3 Rad1 46.
Rxg7+ Kh6 47. Rgf7 Rd3+ 48. Rf3 Rd4 49. Re6+ Kh7 50. Be7 Rg4+ 51. Kf2 Rh2 52.
Rg3 Rf4+ 53. Ke3 Rb4 54. Bxb4 1-0

[Event "6. Bayer Open"]
[Site "Leverkusen"]
[Date "2009.01.26"]
[Round "2"]
[White "Bosbach, Jens"]
[Black "Kayser, Manfred"]
[Result "1-0"]
[WhiteElo "1844"]
[BlackElo "1314"]
[PlyCount "63"]
[EventDate "2009.??.??"]
[SourceDate "2009.01.13"]

1. d4 e6 2. c4 c5 3. Nf3 Nf6 4. Nc3 cxd4 5. Nxd4 Nc6 6. Nxc6 bxc6 7. e4 e5 8.
Be2 Be7 9. O-O O-O 10. Be3 d6 11. Qa4 Bd7 12. Rad1 c5 13. Qc2 Bg4 14. Bxc5 Qc7
15. Ba3 Bxe2 16. Qxe2 a6 17. Nd5 Nxd5 18. Rxd5 Rfd8 19. Rfd1 Rac8 20. b3 Rd7
21. Qd2 Rcd8 22. c5 Qc6 23. cxd6 Bf6 24. Rc1 Qa8 25. h3 h6 26. Rc4 Rc8 27. Qc2
Re8 28. Ra5 g6 29. Rc6 Kg7 30. Raxa6 Qb8 31. Rc7 Red8 32. Qc6 1-0

[Event "6. Bayer Open"]
[Site "Leverkusen"]
[Date "2009.01.26"]
[Round "2"]
[White "Schillings, Peter"]
[Black "Reiter, Ute"]
[Result "1-0"]
[WhiteElo "1836"]
[BlackElo "1145"]
[PlyCount "49"]
[EventDate "2009.??.??"]
[SourceDate "2009.01.13"]

1. e4 e5 2. f4 exf4 3. Nf3 d6 4. d4 Be7 5. Bxf4 Bg4 6. Nc3 c6 7. Bc4 Nd7 8. Qd3
Ngf6 9. Ng5 d5 10. Bb3 Nh5 11. Nxf7 Nxf4 12. Qf1 Qc7 13. e5 O-O 14. Qxf4 Bh5
15. Nh6+ Kh8 16. Nf5 Rf7 17. O-O Raf8 18. g4 Bg6 19. e6 Qxf4 20. Rxf4 Bg5 21.
Rff1 Rxf5 22. gxf5 Bxf5 23. exd7 Be3+ 24. Kg2 Bxd4 25. Rxf5 1-0